Valtiot, joilla on sama nimi suomeksi ja puolaksi - Statistics

Yleistilastot
  • Tätä visaa on pelattu 23 kertaa
  • Keskiarvotulos 32 / 73
Vastaustilastot
Maanosa Valtio % Oikein
Eurooppa Albania
72%
Eurooppa Bulgaria
67%
Pohjois-Amerikka Kanada
67%
Afrikka Angola
61%
Eurooppa Belgia
61%
Etelä-Amerikka Chile
61%
Eurooppa Malta
61%
Aasia Armenia
56%
Aasia Irak
56%
Aasia Iran
56%
Etelä-Amerikka Peru
56%
Afrikka Somalia
56%
Afrikka Sudan
56%
Eurooppa Ukraina
56%
Aasia Afganistan
50%
Oseania Australia
50%
Afrikka Benin
50%
Aasia Bhutan
50%
Afrikka Gabon
50%
Pohjois-Amerikka Haiti
50%
Eurooppa Liechtenstein
50%
Afrikka Madagaskar
50%
Afrikka Niger
50%
Afrikka Nigeria
50%
Pohjois-Amerikka Panama
50%
Afrikka Togo
50%
Afrikka Uganda
50%
Oseania Fidži
44%
Afrikka Gambia
44%
Pohjois-Amerikka Honduras
44%
Aasia Laos
44%
Afrikka Lesotho
44%
Afrikka Liberia
44%
Afrikka Mali
44%
Aasia Nepal
44%
Aasia Oman
44%
Eurooppa San Marino
44%
Eurooppa Serbia
44%
Aasia Uzbekistan
44%
Afrikka Zimbabwe
44%
Pohjois-Amerikka Barbados
39%
Afrikka Etiopia
39%
Pohjois-Amerikka Grenada
39%
Afrikka Kenia
39%
Afrikka Namibia
39%
Oseania Nauru
39%
Oseania Palau
39%
Pohjois-Amerikka Saint Lucia
39%
Oseania Samoa
39%
Afrikka Senegal
39%
Aasia Sri Lanka
39%
Oseania Tonga
39%
Aasia Turkmenistan
39%
Oseania Tuvalu
39%
Oseania Vanuatu
39%
Pohjois-Amerikka Belize
33%
Afrikka Botswana
33%
Aasia Brunei
33%
Afrikka Burkina Faso
33%
Afrikka Burundi
33%
Afrikka Ghana
33%
Aasia Jemen
33%
Aasia Kambodža
33%
Afrikka Kamerun
33%
Oseania Kiribati
33%
Etelä-Amerikka Kolumbia
33%
Afrikka Mauritius
33%
Aasia Pakistan
33%
Afrikka Sierra Leone
33%
Afrikka Eswatini
28%
Afrikka Malawi
28%
Aasia Jordania
22%
Aasia Mongolia
22%
Ehtoja vastaavia visoja ei löytynyt
Tulosjakauma
Jokaisen tuloksen saaneiden osuus
Persentiili vastausten määrän mukaan
Tuloshistoriasi
Et ole pelannut tätä visaa